000 00351 a2200157 4500
001 149665
040 _cEscola São Tomás de Aquino
100 _aGULLAR, Ferreira
240 1 0 _aFábulas
_lpor
245 1 0 _aFábulas
300 _a39
362 0 _a1997
440 1 _aRevan
697 _aContos de Fadas e Clássicos da Literatura
942 _cBK
999 _c149665
_d149665